[Event "Siracusa op 2nd"]
[Site "Siracusa"]
[Date "2007.09.09"]
[Round "9"]
[White "Cordaro, Giovanni"]
[Black "Monica, Vincenzo"]
[Result "0-1"]
[WhiteElo "1497"]
[BlackElo "1514"]
[PlyCount "89"]
[EventDate "2007.09.02"]
[EventType "swiss"]
[EventRounds "9"]
[EventCountry "ITA"]
[SourceTitle "EXT 2010"]
[Source "ChessBase"]
[SourceDate "2010.11.25"]
[SourceVersion "1"]
[SourceVersionDate "2010.11.25"]
[SourceQuality "1"]

1. d4 d5 2. c4 e6 3. Nc3 Nf6 4. Bg5 Be7 5. e3 Nbd7 6. cxd5 exd5 7. Nf3 c6 8. Be2 Ne4 9. Bxe7 Qxe7 10. Qc2 Ndf6 11. Ne5 Bf5 12. Bd3 Qe6 13. f3 Nd6 14. Bxf5 Nxf5 15. Qe2 0-0 16. Rc1 Rfe8 17. Na4 Nd7 18. 0-0 Nxe5 19. Nc5 Qh6 20. dxe5 Rxe5 21. e4 Nd6 22. f4 Rh5 23. g3 dxe4 24. Nxe4 Re8 25. Rfd1 f5 26. Rxd6 Qxd6 27. Qc4+ Qd5 28. Qe2 Rxe4 29. Qxh5 g6 30. Qd1 Rd4 31. Qe2 Kf7 32. b3 Rd2 33. Qf1 Rxa2 34. Rd1 Rd2 35. Rxd2 Qxd2 36. Qc4+ Qd5 37. Qa4 a6 38. b4 Ke6 39. Qa1 c5 40. Qg7 Qd4+ 41. Qxd4 cxd4 42. Kf2 Kd5 43. Ke2 Kc4 44. Kd2 Kxb4 45. Kd3 0-1

[Event "Siracusa op 2nd"]
[Site "Siracusa"]
[Date "2007.09.06"]
[Round "6"]
[White "Cordaro, Giovanni"]
[Black "Cappello, Antonino"]
[Result "0-1"]
[WhiteElo "1497"]
[BlackElo "1613"]
[PlyCount "66"]
[EventDate "2007.09.02"]
[EventType "swiss"]
[EventRounds "9"]
[EventCountry "ITA"]
[SourceTitle "EXT 2010"]
[Source "ChessBase"]
[SourceDate "2010.11.25"]
[SourceVersion "1"]
[SourceVersionDate "2010.11.25"]
[SourceQuality "1"]

1. d4 g6 2. c4 Bg7 3. Nc3 e6 4. e4 d6 5. Be3 Ne7 6. Qd2 h6 7. Bd3 a6 8. Nge2 b6 9. g4 Nd7 10. 0-0-0 Bb7 11. h4 c5 12. Bc2 cxd4 13. Bxd4 e5 14. Be3 Nc8 15. Rhf1 Nf6 16. Rg1 Bc6 17. g5 hxg5 18. Bxg5 Qd7 19. f3 Nh5 20. Rh1 a5 21. a4 Na7 22. Rdg1 Rc8 23. Ng3 Nf4 24. Bxf4 exf4 25. Nge2 Bb7 26. Kb1 Rxc4 27. Qxf4 Rc5 28. Rd1 Be5 29. Qg4 Qxg4 30. fxg4 b5 31. Nxb5 Nxb5 32. axb5 0-0 33. Ba4 Bxe4+ 0-1

[Event "Siracusa op 2nd"]
[Site "Siracusa"]
[Date "2007.09.02"]
[Round "1"]
[White "Lo Bosco, Salvatore"]
[Black "Cordaro, Giovanni"]
[Result "1-0"]
[WhiteElo "1822"]
[BlackElo "1497"]
[PlyCount "35"]
[EventDate "2007.09.02"]
[EventType "swiss"]
[EventRounds "9"]
[EventCountry "ITA"]
[SourceTitle "EXT 2010"]
[Source "ChessBase"]
[SourceDate "2010.11.25"]
[SourceVersion "1"]
[SourceVersionDate "2010.11.25"]
[SourceQuality "1"]

1. Nf3 d5 2. g3 Nf6 3. Bg2 Nc6 4. 0-0 e5 5. d3 h6 6. Nbd2 Bd6 7. e4 dxe4 8. dxe4 0-0 9. Re1 Bg4 10. h3 Be6 11. Nf1 Qd7 12. g4 Ne7 13. Ng3 Rfd8 14. Qe2 Ng6 15. Nf5 Bxf5 16. gxf5 Nf4 17. Bxf4 exf4 18. e5 1-0